| 000 | 01640nam a2200397 i 4500 | ||
|---|---|---|---|
| 001 | 196036 | ||
| 003 | ES-MaACL | ||
| 005 | 20250828040954.0 | ||
| 008 | 240810s2018 sp a | |||| 000 0 spa | ||
| 015 | _aMON18 | ||
| 017 |
_aM 32201-2018 _bOficina Depósito Legal Madrid |
||
| 020 | _a9788491488330 | ||
| 035 | _a(OCoLC)1089237731 | ||
| 035 | _a(SpMaBN)a6403605 | ||
| 035 | _a991018246009708606 | ||
| 040 |
_aSpMaBN _bspa _cSpMaBN _erda |
||
| 080 | _a37(091) | ||
| 100 | 0 |
_aNegrín Fajardo, Olegario _985310 _eaut |
|
| 240 | 1 | 0 | _aHistoria de la educación |
| 245 | 1 | 0 |
_aHistoria de la educación / _cOlegario Negrín-Fajardo, catedrático de Historia de la educación, Universidad Nacional de Educación a Distancia, Javier Vergara-Ciordia, catedrático de Historia de la educación, Universidad Nacional de Educación a Distancia. |
| 264 | 1 |
_aMadrid : _bDykinson S.L., _c[2018]. |
|
| 300 |
_a386 páginas : _bilustraciones (blanco y negro) ; _c24 cm. |
||
| 336 |
_aTexto _2rdacontent |
||
| 337 |
_asin mediación _2rdamedia |
||
| 338 |
_avolumen _2rdacarrier |
||
| 500 | _aEn portada: UNED | ||
| 504 | _aIncluye referencias bibliográficas | ||
| 650 | 7 |
_aEducación- _vHistoria _2 _9143620 |
|
| 700 | 1 |
_aVergara Ciordia, Javier _9114085 _eaut |
|
| 852 |
_aES-MaACL _bR.153605 _cDEPOJ _jN-9163 _hDonación: Olegario Negrín-Fajardo _xEncuadernación rústica con solapas _9205060 |
||
| 903 |
_985310 _aNegrín Fajardo, Olegario _ednr |
||
| 942 |
_cMONOGRAFIA _n0 |
||
| 999 |
_c196036 _d196036 |
||